All Major Afroasiatic Languages (with a map) - Statistics

General Stats
  • This quiz has been taken 10,940 times
  • The average score is 10 of 28
Answers on the Map
Answers color-coded by a green-red scale on the quiz's map according to % correct below.
 
Answer Stats
Subdivision Dialect L1 Language
or Dialect
% Correct
Semitic - 348 m Arabic
99%
Cushitic - 21 m Somali
93%
Semitic - 5.0 m Hebrew
91%
Semitic Arabic 132 m Egypto-Sudanic Arabic
75%
Semitic - 32 m Amharic
74%
Semitic Arabic 95 m Maghrebi Arabic
71%
Semitic - 520 k Maltese
60%
Semitic Arabic 38 m Levantine Arabic
58%
Semitic Arabic 42 m Peninsular Arabic
53%
Semitic Arabic 41 m Mesopotamian Arabic
52%
Cushitic - 37 m Oromo
48%
Semitic - 9.8 m Tigrinya
43%
Semitic - 587 k Suret
41%
Chadic - 60 m Hausa
38%
Cushitic - 1.9 m Afar
31%
Berber - 2.4 m Central Atlas Tamazight
24%
Berber - 3.0 m Kabyle
18%
Semitic - 1.0 m Tigre
18%
Cushitic - 1.1 m Beja
14%
Berber - 2.1 m Tarifit
9%
Berber - 4.3 m Shilha
7%
Cushitic - 3.0 m Sidama
7%
Beber - 500 k Tamasheq
7%
Berber - 2.1 m Shawiya
4%
Cushitic - 1.3 m Hadiyya
3%
Berber - 801 k Tawellemmet
3%
Cushitic - 980 k Gedeo
2%
Cushitic - 740 k Kambaata
2%
No matching quizzes found
Score Distribution
Percent of People with Each Score
Percentile by Number Answered
Your Score History
You have not taken this quiz